[Event "POL-chT Ekstraliga"]
[Site "Chotowa"]
[Date "2025.06.07"]
[Round "6.6"]
[White "Antolak, Julia"]
[Black "Narva, Mai"]
[Result "1/2-1/2"]
[WhiteElo "2279"]
[BlackElo "2391"]
[PlyCount "85"]
[EventDate "2025.06.02"]
[EventType "team-tourn"]
[EventRounds "9"]
[EventCountry "POL"]
[SourceTitle "CB24_2025"]
[SourceDate "2025.06.11"]
[SourceVersion "1"]
[SourceVersionDate "2025.06.11"]
[SourceQuality "1"]
[WhiteTeam "Gliwice Akademia Szachowa"]
[BlackTeam "Raciborz Silesia"]
[WhiteTeamCountry "POL"]
[BlackTeamCountry "POL"]

1. d4 Nf6 2. c4 e6 3. Nc3 Bb4 4. Qc2 d5 5. cxd5 Qxd5 6. e3 c5 7. Bd2 Bxc3 8. bxc3 0-0 9. Nf3 b6 10. Be2 Bb7 11. 0-0 Nbd7 12. c4 Qc6 13. Bc3 Rac8 14. Rac1 Rfe8 15. Rfd1 cxd4 16. exd4 Nf8 17. Bf1 Ng6 18. Re1 Ne4 19. Bb2 b5 20. Qb3 bxc4 21. Rxc4 Qd5 22. Rec1 Rb8 23. Rc7 Qxb3 24. axb3 Bd5 25. Rxa7 Rxb3 26. Ba3 Rc3 27. Rxc3 Nxc3 28. Rc7 Ne4 29. Ne5 Ra8 30. Bb4 Rb8 31. Nd7 Rd8 32. f3 Nf6 33. Nxf6+ gxf6 34. Bd2 Kg7 35. Kf2 Ra8 36. Bd3 Ra4 37. Be3 f5 38. Bd2 Ra3 39. Rc3 Ra2 40. Rc2 Ra3 41. Rc3 Ra2 42. Rc2 Ra3 43. Rc3 1/2-1/2

[Event "Kuressaare Saaremaa Blitz op"]
[Site "Kuressaare"]
[Date "2025.05.30"]
[Round "5"]
[White "Narva, Mai"]
[Black "Shvyrjov, Igor"]
[Result "1-0"]
[WhiteElo "2391"]
[BlackElo "2308"]
[PlyCount "71"]
[EventDate "2025.05.30"]
[EventType "swiss (blitz)"]
[EventRounds "11"]
[EventCountry "EST"]
[SourceTitle "CB28_2025"]
[SourceDate "2025.07.09"]
[SourceVersion "1"]
[SourceVersionDate "2025.07.09"]
[SourceQuality "1"]

1. e4 c6 2. d4 g6 3. Nc3 Bg7 4. Bc4 d6 5. a4 Nf6 6. Nf3 0-0 7. Bb3 Bg4 8. 0-0 Nbd7 9. h3 Bxf3 10. Qxf3 c5 11. Be3 cxd4 12. Bxd4 a6 13. Rad1 Qc7 14. Qe2 Rac8 15. Kh1 e6 16. Rd2 Ne5 17. Rfd1 Nc4 18. Bxc4 Qxc4 19. Rd3 Rc6 20. Qf3 e5 21. Be3 b5 22. axb5 axb5 23. Bg5 Nh5 24. b3 Qc5 25. Be3 Qa3 26. Nxb5 Qb2 27. c4 Nf4 28. Bxf4 exf4 29. Nxd6 h5 30. Nb5 Be5 31. Nd4 Rd6 32. Nb5 Rxd3 33. Rxd3 Ra8 34. Rd1 Ra2 35. Kg1 Qc2 36. Nd4 1-0

[Event "Kuressaare Saaremaa Blitz op"]
[Site "Kuressaare"]
[Date "2025.05.30"]
[Round "4"]
[White "Zajakins, Artjoms"]
[Black "Narva, Mai"]
[Result "0-1"]
[WhiteElo "1972"]
[BlackElo "2391"]
[PlyCount "88"]
[EventDate "2025.05.30"]
[EventType "swiss (blitz)"]
[EventRounds "11"]
[EventCountry "EST"]
[SourceTitle "CB28_2025"]
[SourceDate "2025.07.09"]
[SourceVersion "1"]
[SourceVersionDate "2025.07.09"]
[SourceQuality "1"]

1. d4 Nf6 2. c4 e6 3. Nf3 c5 4. Nc3 cxd4 5. Nxd4 Bb4 6. g3 0-0 7. Bg2 d5 8. cxd5 Nxd5 9. Bd2 Nxc3 10. bxc3 Bc5 11. 0-0 e5 12. Nb3 Bb6 13. c4 Qe7 14. Qc2 Nd7 15. Rfd1 Rb8 16. Rab1 Nc5 17. Nxc5 Bxc5 18. Bd5 Qf6 19. e3 Bg4 20. Rdc1 b6 21. Bb4 Rbc8 22. Bxc5 Rxc5 23. Rb5 Rfc8 24. Rxc5 Rxc5 25. Qd2 h5 26. h4 g6 27. Rb1 Bf3 28. Rb5 e4 29. Rxc5 bxc5 30. Kf1 Qa1+ 31. Qe1 Qxa2 32. Kg1 a5 33. Bc6 a4 34. Qc1 a3 35. Ba4 Be2 36. Bc2 Qxc4 37. Qb1 a2 38. Qb8+ Kh7 39. Qa7 Kg7 40. Bxe4 Qc1+ 41. Kh2 a1Q 42. Qb7 Qab2 43. Bd5 Qxb7 44. Bxb7 Bg4 0-1

[Event "EU-ch (Women) 25th"]
[Site "Rhodes"]
[Date "2025.04.04"]
[Round "5"]
[White "Zherebtsova, Alexandra"]
[Black "Narva, Mai"]
[Result "0-1"]
[WhiteElo "2234"]
[BlackElo "2371"]
[PlyCount "94"]
[EventDate "2025.03.31"]
[EventType "swiss"]
[EventRounds "11"]
[EventCountry "GRE"]
[SourceTitle "CB16_2025"]
[SourceDate "2025.04.16"]
[SourceVersion "1"]
[SourceVersionDate "2025.04.16"]
[SourceQuality "1"]

1. d4 Nf6 2. c4 g6 3. Nc3 Bg7 4. e4 d6 5. h3 0-0 6. Be3 Nc6 7. d5 Ne5 8. f4 Ned7 9. g4 Re8 10. Bg2 e6 11. g5 Nh5 12. dxe6 Bxc3+ 13. bxc3 Rxe6 14. Ne2 Qe8 15. Qc2 f5 16. 0-0 fxe4 17. Nd4 Re7 18. f5 Nc5 19. f6 Rf7 20. Qf2 Bd7 21. Qh4 c6 22. Rad1 Qe5 23. Ne2 Re8 24. Rd4 d5 25. Rfd1 Nd3 26. cxd5 cxd5 27. c4 Bc6 28. cxd5 Bxd5 29. Nc1 Ndf4 30. R4d2 Bc6 31. Bf1 h6 32. gxh6 Qxf6 33. Qxf6 Rxf6 34. Rd8 Rff8 35. Rxe8 Rxe8 36. Nb3 Kh7 37. Kh2 Nd5 38. Bxa7 Ra8 39. Bc5 Rxa2+ 40. Rd2 Ra4 41. Rd4 b6 42. Bd6 Ne3 43. Bg2 Nf5 44. Rb4 Nxd6 45. Rxb6 Bd5 46. Nc5 Rc4 47. Nd7 Rc6 0-1

[Event "Titled Tuesday intern op 04th Feb Early"]
[Site "Chess.com INT"]
[Date "2025.02.04"]
[Round "3"]
[White "Jarocka, Liwia"]
[Black "Narva, Mai"]
[Result "1/2-1/2"]
[WhiteElo "2226"]
[BlackElo "2384"]
[PlyCount "116"]
[EventDate "2025.02.04"]
[EventType "swiss (blitz)"]
[EventRounds "11"]
[EventCountry "USA"]
[SourceTitle "CB07_2025"]
[SourceDate "2025.02.12"]
[SourceVersion "1"]
[SourceVersionDate "2025.02.12"]
[SourceQuality "1"]

1. e4 e5 2. Nf3 Nc6 3. Bc4 Nf6 4. 0-0 Bc5 5. c3 d6 6. d4 Bb6 7. h3 0-0 8. Re1 exd4 9. cxd4 Nxe4 10. Rxe4 d5 11. Bxd5 Qxd5 12. Nc3 Qh5 13. d5 Nb8 14. Re5 Qg6 15. Bf4 h6 16. Kh1 Nd7 17. Re2 Nf6 18. Ne5 Qh5 19. Rd2 Qxd1+ 20. Raxd1 Bf5 21. Nc4 Rac8 22. d6 c6 23. Nxb6 axb6 24. Be3 c5 25. Nd5 Nxd5 26. Rxd5 Be6 27. d7 Rcd8 28. Rd6 g5 29. Rxb6 Rxd7 30. Rxd7 Bxd7 31. Rxb7 Be6 32. Bxc5 Rc8 33. b4 Bxa2 34. f3 Re8 35. Kh2 Re2 36. Re7 Rxe7 37. Bxe7 Kg7 38. b5 Bd5 39. b6 f5 40. f4 gxf4 41. Bd6 f3 42. gxf3 Bxf3 43. Kg3 Bc6 44. Kf4 Kg6 45. Ke5 Be4 46. Be7 Kh5 47. Kf4 Kg6 48. Bd8 Bc6 49. Ke5 Bh1 50. Bc7 Bg2 51. Kd4 Be4 52. Bf4 Kh5 53. Kc5 Kh4 54. Bxh6 Kxh3 55. Kd6 Kg4 56. Kc7 f4 57. Bxf4 Kxf4 58. b7 Bxb7 1/2-1/2

[Event "Titled Tuesday intern op 04th Feb Early"]
[Site "Chess.com INT"]
[Date "2025.02.04"]
[Round "7"]
[White "Klukin, Kirill"]
[Black "Narva, Mai"]
[Result "1-0"]
[WhiteElo "2410"]
[BlackElo "2384"]
[PlyCount "125"]
[EventDate "2025.02.04"]
[EventType "swiss (blitz)"]
[EventRounds "11"]
[EventCountry "USA"]
[SourceTitle "CB07_2025"]
[SourceDate "2025.02.12"]
[SourceVersion "1"]
[SourceVersionDate "2025.02.12"]
[SourceQuality "1"]

1. d4 g6 2. Nf3 Bg7 3. e3 c5 4. Be2 Nf6 5. 0-0 0-0 6. dxc5 a5 7. Nc3 Na6 8. e4 Nxc5 9. e5 Ng4 10. Qd4 d6 11. Qf4 Nxe5 12. Be3 Ne6 13. Qh4 Bd7 14. Rad1 Bc6 15. Ng5 Nxg5 16. Bxg5 f6 17. Be3 f5 18. Rd2 Qe8 19. Bg5 Bf6 20. Re1 Bxg5 21. Qxg5 Qf7 22. Rd4 f4 23. f3 Kg7 24. Qh4 h6 25. Qf2 Rac8 26. a3 Qf5 27. Bf1 Rfe8 28. Ne4 g5 29. c3 Qg6 30. Bd3 Nxd3 31. Rxd3 d5 32. Nc5 e5 33. Rdd1 b6 34. Nd3 e4 35. Qd4+ Qf6 36. Qxf6+ Kxf6 37. Nf2 Kf5 38. g4+ fxg3 39. hxg3 e3 40. Ng4 e2 41. Rd4 h5 42. Nf2 Re3 43. g4+ Kg6 44. gxh5+ Kxh5 45. Kg2 Kg6 46. Ng4 Re7 47. Kf2 Rce8 48. Rd2 Bb5 49. Rd4 Bc4 50. Nh2 a4 51. Ng4 b5 52. Nh2 Rf8 53. Ng4 Re6 54. Nh2 Ref6 55. Rg4 Rf4 56. Reg1 R8f5 57. Rxf4 Rxf4 58. Ng4 Kg7 59. Ne3 Kg6 60. Nxc4 dxc4 61. Kxe2 Kf5 62. Ke3 g4 63. Rxg4 1-0

[Event "Titled Tuesday intern op 04th Feb Early"]
[Site "Chess.com INT"]
[Date "2025.02.04"]
[Round "8"]
[White "Narva, Mai"]
[Black "Ilkhomi, Jaloliddin"]
[Result "1-0"]
[WhiteElo "2384"]
[BlackElo "2335"]
[PlyCount "43"]
[EventDate "2025.02.04"]
[EventType "swiss (blitz)"]
[EventRounds "11"]
[EventCountry "USA"]
[SourceTitle "CB07_2025"]
[SourceDate "2025.02.12"]
[SourceVersion "1"]
[SourceVersionDate "2025.02.12"]
[SourceQuality "1"]

1. e4 e6 2. Qe2 c5 3. Nf3 Nc6 4. g3 e5 5. Bg2 Nf6 6. 0-0 d6 7. c3 Be7 8. h3 0-0 9. Rd1 Be6 10. d4 cxd4 11. cxd4 exd4 12. Nxd4 Nxd4 13. Rxd4 Qc8 14. Qf1 Rd8 15. Nc3 d5 16. exd5 Bc5 17. Rd1 Bf5 18. Bg5 Qc7 19. Bxf6 gxf6 20. d6 Bxd6 21. Nd5 Qb6 22. Nxb6 1-0

[Event "Titled Tuesday intern op 04th Feb Early"]
[Site "Chess.com INT"]
[Date "2025.02.04"]
[Round "1"]
[White "Narva, Mai"]
[Black "Nimay, Agrawal"]
[Result "1-0"]
[WhiteElo "2384"]
[BlackElo "1995"]
[PlyCount "47"]
[EventDate "2025.02.04"]
[EventType "swiss (blitz)"]
[EventRounds "11"]
[EventCountry "USA"]
[SourceTitle "CB07_2025"]
[SourceDate "2025.02.12"]
[SourceVersion "1"]
[SourceVersionDate "2025.02.12"]
[SourceQuality "1"]

1. e4 c5 2. Nf3 Nc6 3. d4 cxd4 4. Nxd4 g6 5. Nc3 Bg7 6. Nb3 d6 7. Bg5 Nf6 8. Qd2 Be6 9. 0-0-0 0-0 10. h4 h5 11. f3 a5 12. Kb1 a4 13. Nc1 Qa5 14. g4 a3 15. b3 Nxg4 16. Nd5 Qxd2 17. Rxd2 Nge5 18. Be2 f6 19. Be3 Bf7 20. Rg1 Kh7 21. f4 Nd7 22. c4 Nc5 23. Bf3 f5 24. exf5 1-0

[Event "Titled Tuesday intern op 04th Feb Early"]
[Site "Chess.com INT"]
[Date "2025.02.04"]
[Round "6"]
[White "Narva, Mai"]
[Black "Vakhlamov, Igor L"]
[Result "1-0"]
[WhiteElo "2384"]
[BlackElo "2413"]
[PlyCount "143"]
[EventDate "2025.02.04"]
[EventType "swiss (blitz)"]
[EventRounds "11"]
[EventCountry "USA"]
[SourceTitle "CB07_2025"]
[SourceDate "2025.02.12"]
[SourceVersion "1"]
[SourceVersionDate "2025.02.12"]
[SourceQuality "1"]

1. e4 c5 2. Nf3 Nc6 3. d4 cxd4 4. Nxd4 g6 5. Nc3 Bg7 6. Nb3 Nf6 7. Bg5 0-0 8. Qd2 a6 9. 0-0-0 b5 10. f3 b4 11. Nd5 a5 12. Nxf6+ exf6 13. Be3 a4 14. Nd4 b3 15. cxb3 axb3 16. a3 Qc7 17. Kb1 f5 18. Nb5 Qe5 19. exf5 d5 20. g4 gxf5 21. Bf4 Qf6 22. g5 Qg6 23. h4 Qh5 24. Nc7 Ra4 25. Bb5 Rd4 26. Qe3 Rxd1+ 27. Rxd1 Bb7 28. Nxd5 Kh8 29. Bxc6 Bxc6 30. Ne7 Bxf3 31. Re1 Be4+ 32. Ka1 Qxh4 33. Bd6 Qg4 34. Qxb3 Qg2 35. Bb4 Re8 36. Nd5 Rd8 37. Nf6 Qf2 38. Nxe4 fxe4 39. a4 e3 40. Ka2 Rb8 41. Qa3 h5 42. Rxe3 Rxb4 43. Re8+ Kh7 44. Qxb4 Qf5 45. Qb3 h4 46. Qb4 h3 47. Qh4+ Kg6 48. Qe4 h2 49. Qc6+ Kxg5 50. Re2 Be5 51. Rg2+ Kf4 52. Qc4+ Kf3 53. Qd5+ Ke3 54. Qc5+ Ke4 55. Qc6+ Ke3 56. Qc5+ Ke4 57. Qc2+ Kf4 58. Rf2+ Kg4 59. Qxf5+ Kg3 60. Qxe5+ Kxf2 61. Qxh2+ Ke3 62. Qc7 Kd4 63. Qxf7 Kc5 64. Qb3 Kc6 65. Qb5+ Kd6 66. a5 Kc7 67. a6 Kd6 68. a7 Kc7 69. a8Q Kd6 70. Qaa6+ Kc7 71. Qbb7+ Kd8 72. Qaa8# 1-0

[Event "Titled Tuesday intern op 04th Feb Early"]
[Site "Chess.com INT"]
[Date "2025.02.04"]
[Round "9"]
[White "Narva, Mai"]
[Black "Wirig, Anthony"]
[Result "0-1"]
[WhiteElo "2384"]
[BlackElo "2419"]
[PlyCount "86"]
[EventDate "2025.02.04"]
[EventType "swiss (blitz)"]
[EventRounds "11"]
[EventCountry "USA"]
[SourceTitle "CB07_2025"]
[SourceDate "2025.02.12"]
[SourceVersion "1"]
[SourceVersionDate "2025.02.12"]
[SourceQuality "1"]

1. e4 c5 2. Nf3 e6 3. g3 d5 4. exd5 exd5 5. Bg2 Qe7+ 6. Qe2 Qxe2+ 7. Kxe2 Nc6 8. Re1 Be6 9. Kf1 h6 10. d3 Kd7 11. a3 g5 12. Nbd2 Bg7 13. c4 Nge7 14. Rb1 Bf5 15. cxd5 Bxd3+ 16. Kg1 Nxd5 17. Ra1 Rhe8 18. Nb3 Kd6 19. Be3 Nxe3 20. fxe3 c4 21. Nbd4 Nxd4 22. Nxd4 Bxd4 23. exd4 Rab8 24. Kf2 f5 25. Rad1 b5 26. h3 a5 27. Bf3 Be4 28. Bxe4 Rxe4 29. Rxe4 fxe4 30. Ke3 Rf8 31. Kxe4 Rf2 32. h4 gxh4 33. gxh4 Rxb2 34. Rg1 b4 35. axb4 axb4 36. Rg6+ Ke7 37. Kd5 c3 38. Rxh6 c2 39. Rc6 b3 40. Rc7+ Kf6 41. Kd6 Rb1 42. d5 c1Q 43. Rxc1 Rxc1 0-1

[Event "Titled Tuesday intern op 04th Feb Early"]
[Site "Chess.com INT"]
[Date "2025.02.04"]
[Round "2"]
[White "Xiao, Tong"]
[Black "Narva, Mai"]
[Result "1-0"]
[WhiteElo "2491"]
[BlackElo "2384"]
[PlyCount "91"]
[EventDate "2025.02.04"]
[EventType "swiss (blitz)"]
[EventRounds "11"]
[EventCountry "USA"]
[SourceTitle "CB07_2025"]
[SourceDate "2025.02.12"]
[SourceVersion "1"]
[SourceVersionDate "2025.02.12"]
[SourceQuality "1"]

1. Nf3 g6 2. e4 c5 3. d4 Bg7 4. dxc5 Qa5+ 5. Bd2 Qxc5 6. Bc3 Bxc3+ 7. Nxc3 Nf6 8. Qd2 Nc6 9. Bd3 d6 10. h3 a6 11. 0-0 0-0 12. Rfe1 b5 13. Qh6 Qh5 14. Qf4 Ne5 15. Be2 Nxf3+ 16. Bxf3 Qe5 17. Qd2 Bb7 18. a4 b4 19. Nd5 Bxd5 20. exd5 Qxb2 21. Rab1 Qc3 22. Qxc3 bxc3 23. Rxe7 Rab8 24. Rxb8 Rxb8 25. Rc7 Rb4 26. Rxc3 Rxa4 27. Rc6 Ne8 28. Be2 Kf8 29. Bxa6 Rd4 30. c4 Ke7 31. Bb5 f5 32. Kf1 Nf6 33. Rc7+ Kf8 34. Ke2 f4 35. h4 h6 36. Rc6 Ke7 37. Ra6 g5 38. hxg5 hxg5 39. Ra7+ Kf8 40. f3 Nh5 41. Rd7 Ng3+ 42. Ke1 Rd3 43. Rxd6 Re3+ 44. Kd1 Re2 45. c5 Rxg2 46. c6 1-0

[Event "EU-ch rapid (Women)"]
[Site "Monaco"]
[Date "2025.01.11"]
[Round "4"]
[White "Narva, Mai"]
[Black "Benmesbah, Natacha"]
[Result "1/2-1/2"]
[WhiteElo "2398"]
[BlackElo "2259"]
[PlyCount "85"]
[EventDate "2025.01.11"]
[EventType "swiss (rapid)"]
[EventRounds "11"]
[EventCountry "MNC"]
[SourceTitle "CB03_2025"]
[SourceDate "2025.01.15"]
[SourceVersion "1"]
[SourceVersionDate "2025.01.15"]
[SourceQuality "1"]

1. e4 c6 2. d4 d5 3. e5 c5 4. dxc5 e6 5. c3 Nc6 6. Nf3 Bxc5 7. b4 Be7 8. b5 Na5 9. Bd3 Bd7 10. 0-0 Rc8 11. Qe2 Nc4 12. a4 Qa5 13. Nd4 Qc7 14. Bf4 h5 15. h3 h4 16. Bh2 Nh6 17. Rc1 g6 18. Nd2 Bg5 19. f4 Be7 20. Bxc4 dxc4 21. Kh1 Nf5 22. Ne4 Kf8 23. Bg1 Kg7 24. Bf2 a6 25. Rd1 axb5 26. axb5 Nxd4 27. Bxd4 Bxb5 28. Nd6 Bc6 29. Qg4 Rh5 30. Rf1 Kf8 31. Nxc8 Qxc8 32. Ra7 Be4 33. Rfa1 Qc6 34. Ra8+ Kg7 35. Rb8 Rh8 36. Rxh8 Kxh8 37. Qe2 Kg7 38. Kh2 Bd3 39. Qe3 Qd5 40. Ra7 Qc6 41. Ra1 Qd5 42. Ra7 Qc6 43. Ra1 1/2-1/2

[Event "EU-ch blitz (Women)"]
[Site "Monaco"]
[Date "2025.01.10"]
[Round "9"]
[White "Kulon, Klaudia"]
[Black "Narva, Mai"]
[Result "1-0"]
[WhiteElo "2393"]
[BlackElo "2398"]
[PlyCount "73"]
[EventDate "2025.01.10"]
[EventType "swiss (blitz)"]
[EventRounds "13"]
[EventCountry "MNC"]
[SourceTitle "CB03_2025"]
[SourceDate "2025.01.15"]
[SourceVersion "1"]
[SourceVersionDate "2025.01.15"]
[SourceQuality "1"]

1. c4 g6 2. g3 Bg7 3. Bg2 c5 4. Nc3 Nc6 5. a3 e6 6. e4 Nge7 7. Nge2 0-0 8. 0-0 Nd4 9. d3 d6 10. Rb1 a5 11. h3 Bd7 12. b4 axb4 13. axb4 cxb4 14. Rxb4 Bc6 15. Nxd4 Bxd4 16. Ne2 Bg7 17. d4 d5 18. cxd5 exd5 19. e5 Qa5 20. Bd2 Qa6 21. Nc3 Rfd8 22. Bg5 Bf8 23. Re1 Qa5 24. Rb3 Re8 25. Bd2 Qa7 26. Bc1 Nf5 27. Nxd5 Bxd5 28. Bxd5 Qxd4 29. Qxd4 Nxd4 30. Rxb7 Rab8 31. Rxf7 Kh8 32. e6 Bg7 33. Bf4 Rbd8 34. Be5 Bxe5 35. Rxe5 Rd6 36. e7 Kg8 37. Rf8+ 1-0

[Event "EU-ch blitz (Women)"]
[Site "Monaco"]
[Date "2025.01.10"]
[Round "2"]
[White "Narva, Mai"]
[Black "Prado Acebo, Ines"]
[Result "0-1"]
[WhiteElo "2398"]
[BlackElo "2176"]
[PlyCount "74"]
[EventDate "2025.01.10"]
[EventType "swiss (blitz)"]
[EventRounds "13"]
[EventCountry "MNC"]
[SourceTitle "CB03_2025"]
[SourceDate "2025.01.15"]
[SourceVersion "1"]
[SourceVersionDate "2025.01.15"]
[SourceQuality "1"]

1. e4 c5 2. Nf3 d6 3. d4 cxd4 4. Nxd4 Nf6 5. Nc3 a6 6. Bc4 e6 7. Be3 b5 8. Bb3 Nbd7 9. Bxe6 fxe6 10. Nxe6 Qa5 11. a3 b4 12. axb4 Qxb4 13. Nc7+ Kf7 14. Nxa8 Qb7 15. Qd4 Qxa8 16. Qc4+ Kg6 17. f4 h5 18. 0-0 Bb7 19. Qe6 Qe8 20. Qf5+ Kh6 21. e5 Ng4 22. Bd2 d5 23. h3 Bc5+ 24. Kh1 g6 25. Qg5+ Kg7 26. f5 Qxe5 27. Qxg6+ Kf8 28. Bf4 Qf6 29. Qxf6+ Ndxf6 30. Rae1 Nf2+ 31. Kh2 N2e4 32. Be5 Rg8 33. Nxe4 Nxe4 34. Rf4 Bf2 35. Rexe4 Bg3+ 36. Kg1 dxe4 37. Bd6+ Kf7 0-1

[Event "EU-ch blitz (Women)"]
[Site "Monaco"]
[Date "2025.01.10"]
[Round "4"]
[White "Narva, Mai"]
[Black "Rakhmangulova, Anastasiya"]
[Result "1-0"]
[WhiteElo "2398"]
[BlackElo "2323"]
[PlyCount "95"]
[EventDate "2025.01.10"]
[EventType "swiss (blitz)"]
[EventRounds "13"]
[EventCountry "MNC"]
[SourceTitle "CB03_2025"]
[SourceDate "2025.01.15"]
[SourceVersion "1"]
[SourceVersionDate "2025.01.15"]
[SourceQuality "1"]

1. e4 d6 2. d4 Nf6 3. f3 Nbd7 4. c4 e5 5. d5 Be7 6. Nc3 c6 7. Be3 a6 8. g4 0-0 9. Nge2 Ne8 10. Qd2 Nc7 11. Ng3 cxd5 12. cxd5 g6 13. 0-0-0 b5 14. a3 Rb8 15. h4 a5 16. g5 b4 17. axb4 axb4 18. Na4 b3 19. Kb1 Ra8 20. Nc3 Na6 21. Bc4 Nac5 22. Nb5 Qb6 23. h5 Ra4 24. Na3 Rxc4 25. Nxc4 Qa7 26. Na3 Ba6 27. Qh2 Nf6 28. gxf6 Bxf6 29. hxg6 fxg6 30. Bxc5 dxc5 31. d6 Qd7 32. Qd2 Bb7 33. Qc3 Rb8 34. Qxc5 Kg7 35. Rhg1 Bc6 36. Nf5+ Kh8 37. Ne7 Ba4 38. Qc7 Re8 39. Qxd7 Bxd7 40. Nd5 Bh4 41. Nc4 Bb5 42. Ncb6 Rd8 43. Nc7 Be2 44. Ne6 Rb8 45. Rd2 Bxf3 46. d7 Bxe4+ 47. Kc1 Rxb6 48. d8Q+ 1-0

[Event "Wch Blitz (Women)"]
[Site "New York"]
[Date "2024.12.30"]
[Round "6"]
[White "Injac, Teodora"]
[Black "Narva, Mai"]
[Result "1-0"]
[WhiteElo "2441"]
[BlackElo "2413"]
[PlyCount "77"]
[EventDate "2024.12.30"]
[EventType "swiss (blitz)"]
[EventRounds "11"]
[EventCountry "USA"]
[SourceTitle "CB01_2025"]
[SourceDate "2025.01.01"]
[SourceVersion "1"]
[SourceVersionDate "2025.01.01"]
[SourceQuality "1"]

1. Nf3 g6 2. d4 Bg7 3. c4 d6 4. Nc3 c5 5. e3 cxd4 6. exd4 Nf6 7. h3 0-0 8. Be2 d5 9. 0-0 Nc6 10. Re1 Bf5 11. Bf4 h6 12. a3 g5 13. Be5 e6 14. cxd5 Nxd5 15. Bxg7 Kxg7 16. Nxd5 Qxd5 17. Rc1 Rad8 18. Bc4 Qd6 19. Qb3 Nxd4 20. Nxd4 Qxd4 21. Rcd1 Qc5 22. Bf1 b6 23. Rc1 Qa5 24. Red1 Qe5 25. Re1 Qf4 26. Rcd1 Qc7 27. g3 Rc8 28. Qe3 Qc5 29. Qf3 Qc6 30. Qe3 Qc5 31. Qf3 Qc2 32. Rd7 Qxb2 33. Rxa7 Rc3 34. Qb7 Rc2 35. Qf3 Rd8 36. g4 Bg6 37. Rxe6 Rdd2 38. Rxg6+ Kh8 39. Ra8+ 1-0

[Event "Wch Blitz (Women)"]
[Site "New York"]
[Date "2024.12.30"]
[Round "9"]
[White "Sliwicka, Alicja"]
[Black "Narva, Mai"]
[Result "0-1"]
[WhiteElo "2346"]
[BlackElo "2413"]
[PlyCount "70"]
[EventDate "2024.12.30"]
[EventType "swiss (blitz)"]
[EventRounds "11"]
[EventCountry "USA"]
[SourceTitle "CB01_2025"]
[SourceDate "2025.01.01"]
[SourceVersion "1"]
[SourceVersionDate "2025.01.01"]
[SourceQuality "1"]

1. e4 e5 2. Nf3 Nc6 3. Bb5 a6 4. Ba4 b5 5. Bb3 Na5 6. Nxe5 Nxb3 7. axb3 Qg5 8. Nf3 Qxg2 9. Rg1 Qh3 10. d4 Bb7 11. Nc3 Nf6 12. Rg3 Qh5 13. Rg5 Qh3 14. Bf4 0-0-0 15. Qe2 Bb4 16. d5 Rde8 17. Ne5 d6 18. Rg3 Qh5 19. f3 dxe5 20. Bd2 Nd7 21. 0-0-0 Bxc3 22. bxc3 h6 23. Be3 f5 24. d6 c5 25. Rxg7 fxe4 26. Qd2 exf3 27. Rdg1 Qf5 28. Qf2 e4 29. h4 Qe6 30. R7g6 Qe5 31. Rg7 Qxc3 32. Rd1 Bc6 33. Rgg1 Re6 34. h5 Qa1+ 35. Kd2 Rxd6+ 0-1

[Event "Wch Rapid (Women)"]
[Site "New York"]
[Date "2024.12.28"]
[Round "11"]
[White "Nurgaliyeva, Zarina"]
[Black "Narva, Mai"]
[Result "0-1"]
[WhiteElo "2175"]
[BlackElo "2384"]
[PlyCount "218"]
[EventDate "2024.12.26"]
[EventType "swiss (rapid)"]
[EventRounds "11"]
[EventCountry "USA"]
[SourceTitle "CB01_2025"]
[SourceDate "2025.01.01"]
[SourceVersion "1"]
[SourceVersionDate "2025.01.01"]
[SourceQuality "1"]

1. e4 e5 2. Nf3 Nc6 3. Nc3 Nf6 4. Bb5 Bb4 5. 0-0 0-0 6. Bxc6 dxc6 7. d3 Re8 8. Ne2 h6 9. Ng3 Bf8 10. h3 c5 11. Be3 b6 12. Qe2 g6 13. Nh2 Bg7 14. f4 exf4 15. Rxf4 Be6 16. Raf1 Nd7 17. b3 Ne5 18. Kh1 Qd6 19. Qf2 a5 20. a4 Rad8 21. Nf3 Nc6 22. Rh4 g5 23. Nxg5 hxg5 24. Bxg5 Qe5 25. Bh6 Bh8 26. Rh5 Qd6 27. Rg5+ Kh7 28. Qf3 Rg8 29. Qh5 Rxg5 30. Bxg5+ Kg8 31. Bxd8 Qxd8 32. Nf5 Bg7 33. Qg4 Bxf5 34. Rxf5 Kf8 35. Qh5 Qd7 36. Qh7 Ne5 37. h4 Qd4 38. Rf1 Qe3 39. Qf5 Kg8 40. Qf4 Qxf4 41. Rxf4 Nc6 42. Rf2 Bd4 43. Re2 Be5 44. g4 Nd4 45. Rg2 c6 46. h5 b5 47. g5 Kh7 48. Kg1 c4 49. dxc4 bxc4 50. bxc4 c5 51. g6+ fxg6 52. hxg6+ Kg7 53. c3 Nf3+ 54. Kf1 Nh4 55. Rg5 Nxg6 56. Ke2 Kf6 57. Rf5+ Ke6 58. Kd2 Bd6 59. Kc2 Ne5 60. Kb3 Nd3 61. Rg5 Nf2 62. Rg8 Nxe4 63. Re8+ Be7 64. Ra8 Nd2+ 65. Kc2 Nxc4 66. Kb3 Kd5 67. Rh8 Ne5 68. Ra8 c4+ 69. Kc2 Nc6 70. Rg8 Bf6 71. Rf8 Be5 72. Re8 Kd6 73. Rg8 Kc5 74. Rc8 Bd6 75. Rg8 Ne7 76. Ra8 Bc7 77. Rh8 Nd5 78. Rh5 Bd8 79. Rh8 Bc7 80. Rh5 Kc6 81. Kb2 Bf4 82. Kc2 Kd6 83. Rh4 Be5 84. Rh6+ Kc5 85. Ra6 Bxc3 86. Ra8 Bb4 87. Rc8+ Kd4 88. Rd8 c3 89. Kb3 Ke5 90. Re8+ Kd6 91. Rd8+ Kc6 92. Re8 Nc7 93. Re2 Na6 94. Re6+ Kb7 95. Re5 Nc5+ 96. Kc2 Nxa4 97. Kb3 Nc5+ 98. Kc2 Kb6 99. Re1 a4 100. Rh1 Kb5 101. Rh5 a3 102. Rh1 Ka4 103. Rg1 Nb3 104. Kb1 Nd4 105. Ka2 c2 106. Rh1 Bd2 107. Rh8 c1N+ 108. Kb1 a2+ 109. Kb2 Bc3+ 0-1